The Handbook of Geography / (Record no. 186372)
[ view plain ]
| 000 -LEADER | |
|---|---|
| fixed length control field | 01013 a2200253 4500 |
| 003 - CONTROL NUMBER IDENTIFIER | |
| control field | Nust |
| 005 - DATE AND TIME OF LATEST TRANSACTION | |
| control field | 20230404112518.0 |
| 010 ## - LIBRARY OF CONGRESS CONTROL NUMBER | |
| LC control number | 2006042657 |
| 035 ## - SYSTEM CONTROL NUMBER | |
| System control number | (OCoLC)ocm64487301 |
| 040 ## - CATALOGING SOURCE | |
| Transcribing agency | Nust |
| 082 00 - DEWEY DECIMAL CLASSIFICATION NUMBER | |
| Classification number | 910,CHO |
| 100 1# - MAIN ENTRY--PERSONAL NAME | |
| Personal name | Chopra M.K |
| 9 (RLIN) | 111699 |
| 245 14 - TITLE STATEMENT | |
| Title | The Handbook of Geography / |
| Statement of responsibility, etc. | M .K .Chopra |
| 250 ## - EDITION STATEMENT | |
| Edition statement | Bantam hardcover ed. |
| 260 ## - PUBLICATION, DISTRIBUTION, ETC. | |
| Place of publication, distribution, etc. | Lahore |
| Name of publisher, distributor, etc. | Careers |
| Date of publication, distribution, etc. | 1938 |
| 300 ## - PHYSICAL DESCRIPTION | |
| Extent | xiii, 366p. : |
| Other physical details | ill. ; |
| Dimensions | 24 cm. |
| 505 0# - FORMATTED CONTENTS NOTE | |
| Formatted contents note | Indian Military Academy (Page-3), Indian Police Service (Page-157), Indian Audit and Accounts Services (Page-293), Transportation Etc (Page-351). |
| 650 #0 - SUBJECT ADDED ENTRY--TOPICAL TERM | |
| Topical term or geographic name entry element | Geography |
| 9 (RLIN) | 7902 |
| 700 1# - ADDED ENTRY--PERSONAL NAME | |
| Personal name | Pease, Barbara. |
| 9 (RLIN) | 111711 |
| 856 42 - ELECTRONIC LOCATION AND ACCESS | |
| Materials specified | Contributor biographical information |
| Uniform Resource Identifier | <a href="http://www.loc.gov/catdir/enhancements/fy0634/2006042657-b.html">http://www.loc.gov/catdir/enhancements/fy0634/2006042657-b.html</a> |
| 856 42 - ELECTRONIC LOCATION AND ACCESS | |
| Materials specified | Publisher description |
| Uniform Resource Identifier | <a href="http://www.loc.gov/catdir/enhancements/fy0634/2006042657-d.html">http://www.loc.gov/catdir/enhancements/fy0634/2006042657-d.html</a> |
| 856 42 - ELECTRONIC LOCATION AND ACCESS | |
| Materials specified | Sample text |
| Uniform Resource Identifier | <a href="http://www.loc.gov/catdir/enhancements/fy0661/2006042657-s.html">http://www.loc.gov/catdir/enhancements/fy0661/2006042657-s.html</a> |
| 942 ## - ADDED ENTRY ELEMENTS (KOHA) | |
| Source of classification or shelving scheme | |
| Koha item type | Book |
| Call number prefix | 910,CHO |
| Withdrawn status | Lost status | Source of classification or shelving scheme | Damaged status | Not for loan | Permanent Location | Current Location | Shelving location | Date acquired | Full call number | Barcode | Date last seen | Price effective from | Koha item type | Public note |
|---|---|---|---|---|---|---|---|---|---|---|---|---|---|---|
| Military College of Signals (MCS) | Military College of Signals (MCS) | General Stacks | 12/12/2016 | 910,CHO | MCS29197 | 12/08/2016 | 12/12/2016 | Book | Almirha No 75, Shelf No 5 |
